000 00746nam a2200217Ii 4500
003 JO-AjNU
008 230606s9999||||xx |||||||||||||| ||und||
020 _a0-415-57689-X
040 _aJO-AjNU
_beng
_erda
_cJO-AjNU
041 _aeng
050 1 4 _aLB1576.N24 2010
100 3 _aNash،Marionمؤلف/Lowe,Jackieم.مشارك/Palmer,Traceyم.مشارك,
_eauthor
_92184
245 0 0 _aDeveloping Language and Communication Skills through Effective Small Group Work
250 _a3 ed
264 3 1 _aNew York:Routledge,2002
300 _a117P
336 _atext
_btxt
_2rdacontent
337 _aunmediated
_bn
_2rdamedia
338 _avolume
_bnc
_2rdacarrier
650 4 _aLanguages, Modern-Study and teaching. Communicative competence
_92185
999 _aE1145
_c1145
_d1145